000 00463nam a2200205Ia 4500
008 210210b1927 xxu||||| |||| 00| 0 eng d
041 _aeng
082 _a320/523
100 _aSASTRI (V S S)
245 _aRights and duties of Indian citizen
260 _a
_bNot Mentioned
_c1927
650 _aRights
650 _aof
650 _aIndian
650 _aduties
650 _acitizen
650 _aand
690 _aPolitical Science
906 _a003162
999 _c118499
_d118499